<?xml version="1.0" encoding="UTF-8"?>
<collection xmlns="http://www.loc.gov/MARC21/slim">
 <record>
  <leader>00590nam a22001815a 4500</leader>
  <controlfield tag="001">EHU.bham025017</controlfield>
  <controlfield tag="003">AR-BHAM</controlfield>
  <controlfield tag="005">20130508104824.0</controlfield>
  <controlfield tag="008">130507s1991##################000#0#####d</controlfield>
  <datafield tag="082" ind1="9" ind2="8">
   <subfield code="a">982.7</subfield>
  </datafield>
  <datafield tag="100" ind1="1" ind2=" ">
   <subfield code="a">Garzon, Rafael</subfield>
  </datafield>
  <datafield tag="245" ind1="1" ind2="0">
   <subfield code="a">Patagonizar la politica del pais: un imperativo para el cambio de estructuras /</subfield>
   <subfield code="c">Rafael Garzon</subfield>
  </datafield>
  <datafield tag="260" ind1=" " ind2=" ">
   <subfield code="a">Cordoba :</subfield>
   <subfield code="b">Pugliese Siena,</subfield>
   <subfield code="c">1991</subfield>
  </datafield>
  <datafield tag="300" ind1=" " ind2=" ">
   <subfield code="a">208 p.</subfield>
  </datafield>
  <datafield tag="653" ind1=" " ind2=" ">
   <subfield code="a">Patagonia</subfield>
  </datafield>
  <datafield tag="653" ind1=" " ind2=" ">
   <subfield code="a">Historia argentina-patagonia</subfield>
  </datafield>
  <datafield tag="653" ind1=" " ind2=" ">
   <subfield code="a">Politica argentina contemporanea</subfield>
  </datafield>
  <datafield tag="859" ind1=" " ind2=" ">
   <subfield code="a">AR-BHAM</subfield>
   <subfield code="b">BIB. HUMANIDADES - General</subfield>
   <subfield code="h">982.7</subfield>
   <subfield code="i">G199</subfield>
   <subfield code="p">757.02</subfield>
   <subfield code="t">Ej.1</subfield>
  </datafield>
 </record>
</collection>
